000
00310nam a2200133Ia 4500
005
20251222144921.0
008
251222s9999||||xx |||||||||||||| ||spa||
020
_a
9972-9995-9-9
082
_a
869.57/C34Y
100
_a
Castillo Fan, Jorge
245
0
_a
Yo Soy Aquel Espejo
264
_b
Zignos
942
_c
LIB
999
_c
22729
_d
22729